Music Quiz

Random Music or Song Quiz

Song Title Slot Machine Quiz Stats

 Plays Quiz Updated Jul 11, 2013

Challenge
Share
Tweet
Score 0/63 Timer 07:00
2 Plays Today
head answer % Correct
Word 1Breakfast At Tiffany's
97.9%
Word 2Breakfast At Tiffany's
97.9%
Word 3Breakfast At Tiffany's
97.9%
Word 1Summer Of '69
94.9%
Word 2Summer Of '69
94.9%
Word 3Summer Of '69
94.9%
Word 1Walking On Sunshine
87.9%
Word 2Walking On Sunshine
87.9%
Word 3Walking On Sunshine
87.9%
Word 1Come On Eileen
83.2%
Word 2Come On Eileen
83.2%
Word 3Come On Eileen
83.2%
Word 1Queen Of Hearts
82.1%
Word 2Queen Of Hearts
82.1%
Word 3Queen Of Hearts
82.1%
Word 1Rock Of Ages
77.7%
Word 2Rock Of Ages
77.7%
Word 3Rock Of Ages
77.7%
Word 1Dressed For Success
74.8%
Word 2Dressed For Success
74.7%
Word 3Dressed For Success
74.7%
Word 1Take On Me
73.8%
Word 2Take On Me
73.8%
Word 3Take On Me
73.8%
Word 1State Of Shock
71.3%
Word 2State Of Shock
71.3%
Word 3State Of Shock
71.3%
Word 1Harder To Breathe
70.3%
Word 2Harder To Breathe
70.3%
Word 3Harder To Breathe
70.3%
Word 1Hold On Tight
69.5%
Word 2Hold On Tight
69.5%
head answer % Correct
Word 3Hold On Tight
69.5%
Word 1Crazy In Love
69.4%
Word 2Crazy In Love
69.4%
Word 3Crazy In Love
69.4%
Word 1Money For Nothing
68.6%
Word 2Money For Nothing
68.6%
Word 3Money For Nothing
68.6%
Word 1King Of Pain
68.3%
Word 2King Of Pain
68.3%
Word 3King Of Pain
68.3%
Word 1Far From Over
65.4%
Word 2Far From Over
65.4%
Word 3Far From Over
65.4%
Word 1Back For Good
59.9%
Word 2Back For Good
59.9%
Word 3Back For Good
59.9%
Word 1Touch Of Grey
59.5%
Word 2Touch Of Grey
59.5%
Word 3Touch Of Grey
59.5%
Word 1It's Like That
58.1%
Word 2It's Like That
58.1%
Word 3It's Like That
58.1%
Word 1Girl On TV
54.3%
Word 2Girl On TV
54.3%
Word 3Girl On TV
54.3%
Word 1Live To Tell
52.2%
Word 2Live To Tell
52.2%
Word 3Live To Tell
52.2%
Word 1Shortie Like Mine
49.3%
Word 2Shortie Like Mine
49.3%
Word 3Shortie Like Mine
49.3%

You're not logged in!

Compare scores with friends on all Sporcle quizzes.
Join for Free
OR
Log In

You Might Also Like...

Show Comments

Extras

Top Quizzes Today


Score Distribution

Your Account Isn't Verified!

In order to create a playlist on Sporcle, you need to verify the email address you used during registration. Go to your Sporcle Settings to finish the process.

Report this User

Report this user for behavior that violates our Community Guidelines.

Details: